000 00628nam a2200229 i 4500
001 C2-0319899
003 PPAK
005 20180728115532.0
008 121202s2010 nyu |||| ||||| | eng d
020 _a97808810988378
040 _aPPAK
_beng
_cPPAK
_erda
082 0 4 _a741.5973
_223
090 0 0 _a741.5973
_bGRO
_dLCK
100 1 _aGroening, Matt,
_eauthor
245 1 4 _aThe Simpsons Futurama:
_bcrossover crisis
264 1 _aNew York :
_bAbrans Comicarts ,
_c2010
300 _a190 pages ;
_c29 cm
336 _2rdacontent
_atext
337 _2rdamedia
_aunmediated
338 _2rdacarrier
_avolume
942 _ddc
_cB
999 _c120701
_d120701